Will & Grace. Stagione 6 /

Sparad:
Bibliografiska uppgifter
Övriga upphov: McCormack, Eric (Framförande person, spelare, musiker, etc.), Hayes, Sean (Framförande person, spelare, musiker, etc.), Mullally, Megan (Framförande person, spelare, musiker, etc.), Cleese, John (Framförande person, spelare, musiker, etc.), Davis, Geena (Framförande person, spelare, musiker, etc.), Sorvino, Mira (Framförande person, spelare, musiker, etc.), Cannavale, Bobby (Framförande person, spelare, musiker, etc.), Messing, Debra (Framförande person, spelare, musiker, etc.)
Materialtyp: Dia
Språk:italienska
Utgiven: Italia : Universal Pictures, 2007
Taggar: Lägg till en tagg
Inga taggar, Lägg till första taggen!

MARC

LEADER 00000ngm a22000007i 4500
001 IT\ICCU\DDS\1055703
003 ItRI
005 20260222181147.0
008 151215s2007 it |||||||||||||||k|||||c
028 4 2 |a 8248328  |b Universal 
040 |b ita  |c ct 
041 7 |a ita  |2 ISO-639-2 
100 1 |a McCormack, Eric  |0 IT\ICCU\UBOV\252897  |4 prf 
245 1 0 |a Will & Grace. Stagione 6 /  |c [ideatori: Davod Kohan, Max Mutchnick] ; cast: Eric McCormack, Debra Messing, Sean Hayes ... [et al.]. 
260 |a Italia :  |b Universal Pictures,  |c 2007 
300 |a 4 DVD (9 h. ca.) :  |b Azione dal vivo, Colore, Suono sul supporto, Stereofonico, Digitale, 625 PAL 
500 |a Vincitore di 16 Emmy Awards. Produzione: Stati Uniti, 2003. Contiene: DVD 1: 1. Il terribile sospetto; 2. Il passato ritorna; 3. Dissapori tra amici; 4. Convivenza difficile; 5. La gara di compitazione; 6. Amori a prima vista; DVD 2: 1. Karen dal dottore; 2. Il ritorno dalla Cambogia; 3. Serata al ristorante; 4. I fan - Manilow; 5. Grace, sorella perfetta; DVD 3: 1. Una gita in montagna; 2. Lezioni di cucina; 3. Investire con il cuore: prima parte; 4. Investire con il cuore: seconda parte; 5. Matrimonio in vista; 6. La multa; DVD 4: 1. Consigli sbagliati; 2. Lezioni di Fox Trot; 3. Orgoglio di razza; 4. Infermiere per sbaglio; 5. Nozze a Las Vegas: prima parte; 6. Nozze a Las Vegas: seconda parte. -c2003/2004 NBC Studios. -durata: 9 h. ca. 
700 1 |a Hayes, Sean  |0 IT\ICCU\LO1V\360533  |4 prf 
700 1 |a Mullally, Megan  |0 IT\ICCU\LO1V\360534  |4 prf 
700 1 |a Cleese, John  |0 IT\ICCU\MILV\088457  |4 prf 
700 1 |a Davis, Geena  |0 IT\ICCU\RAVV\089835  |4 prf 
700 1 |a Sorvino, Mira  |0 IT\ICCU\RAVV\102698  |4 prf 
700 1 |a Cannavale, Bobby  |0 IT\ICCU\RAVV\426239  |4 prf 
700 1 |a Messing, Debra  |0 IT\ICCU\RMSV\566163  |4 prf 
710 2 |a Universal Pictures  |0 IT\ICCU\DDSV\077854  |4 pbl 
942 |2 ddc  |c VM 
952 |0 0  |1 0  |2 ddc  |4 0  |6 VO_2206_000000000000000  |7 1  |9 33138  |a BO  |b BO  |d 2026-02-22  |i 18139  |l 0  |o VO 2206  |p BO18139  |r 2026-02-22 18:14:21  |t DVD 1  |w 2026-02-22  |y VM 
952 |0 0  |1 0  |2 ddc  |4 0  |6 VO_2206_000000000000000  |7 0  |9 33139  |a BO  |b BO  |d 2026-02-22  |i 18140  |l 0  |o VO 2206  |p BO18140  |r 2026-02-22 18:15:40  |t DVD 2  |w 2026-02-22  |y VM 
952 |0 0  |1 0  |2 ddc  |4 0  |6 VO_2206_000000000000000  |7 0  |9 33140  |a BO  |b BO  |d 2026-02-22  |i 18142  |l 0  |o VO 2206  |p BO18142  |r 2026-02-22 18:16:35  |t DVD 3  |w 2026-02-22  |y VM 
952 |0 0  |1 0  |2 ddc  |4 0  |6 VO_2206_000000000000000  |7 0  |9 33141  |a BO  |b BO  |d 2026-02-22  |i 18141  |l 0  |o VO 2206  |p BO18141  |r 2026-02-22 18:17:24  |t DVD 4  |w 2026-02-22  |y VM 
999 |c 28798  |d 28798